• 首页
  • 本馆介绍
  • 公告通知
  • 最新文献
  • 馆藏检索
  • 电子资源
  • 读者导购
  • 参考咨询
  • 我的图书馆
  • 登录
  • 详细信息显示
  • 放入我的书架
  • 预约/预借图书
  • 作者相关作品
  • 分类相关作品
  • 丛书相关作品
  • 出版社相关作品

书目信息

  • 表格格式
  • 工作单格式
  • 卡片格式
题名:
设计学概论
    
 
作者: 尹定邦 主编
分册:  
出版信息: 长沙   湖南科学技术出版社  1999
页数: 239页
开本: 26cm
丛书名: 设计学丛书
单 册:
中图分类: TB21
科图分类:
主题词: 设计学--she ji xue--概论
电子资源:
ISBN: 7-5357-2593-7
000 00752nam2 2200241 450
001 CAL 010020024405
005 20070729100242.09
010    @a7-5357-2593-7@dCNY27.00
100    @a20031010d1999 em y0chiy0121 ea
101 0  @achi
102    @aCN@b430000
105    @aa z 000yy
200 1  @a设计学概论@Ashe ji xue gai lun@f尹定邦主编
210    @a长沙@c湖南科学技术出版社@d1999
215    @a239页@c图@d26cm
225 2  @a设计学丛书@Ashe ji xue cong shu
330    @a本书包括: 导论: 设计学的研究范围及其现状; 设计的多重特征; 设计源流之一等共七章内容。
410  0 @12001 @a设计学丛书
606 0  @a设计学@Ashe ji xue@x概论
690    @aTB21@v4
701  0 @a尹定邦@Ayin ding bang@4主编
801  0 @aCN@bWHC@c20070729
905    @a10447@dTB21@e141
    
    设计学概论/尹定邦主编.-长沙:湖南科学技术出版社,1999
    239页:图;26cm.-(设计学丛书)
    
    
    ISBN 7-5357-2593-7:CNY27.00
    本书包括: 导论: 设计学的研究范围及其现状; 设计的多重特征; 设计源流之一等共七章内容。
●
相关链接 在E读中查询图书 在五车中查询图书 在当当中查询图书 在豆瓣中查询图书


正题名:设计学概论     索取号:TB21/141         预约/预借

序号 登录号 条形码 馆藏地/架位号 状态 备注
1 0784957   207849578   第三借阅区/ [索取号:TB21/141] 在馆    
2 0785279   207852796   第二样本阅览室/ [索取号:TB21/141] 在馆    
3 0785280   207852803   第三借阅区/ [索取号:TB21/141] 在馆    
唐山师范学院图书馆 欢迎您!
大连网信软件有限公司© 版权所有